00603nam a2200169Ia 4500008004100000041001200041082001600053100001600069245007500085260003300160300000800193650001900201700002000220942000700240999001500247952017100262221030s9999 xx 000 0 und d aEnglish a105.23bKal aK. S. Kalra 0aText Book of Applied Mathematics - IIcby K. S. Kalra, J. I. S. Bindra bIndian Pub.aJalandharc1999 a135 aBE Mathematics aJ. I. S. Bindra cBK c8379d8379 pBE 674g90.00h2l0o105.23 Kalr2024-06-13 00:00:00w2022-10-30yBK003Print4070aMIETLIBbMIETLIBcBL-Academic Block C, FL-2, CUP-6, SH-2, R-2d1999-11-3010HBE